| 000 | 00462nam a2200193Ia 4500 | ||
|---|---|---|---|
| 008 | 170918s9999 xx 000 0 und d | ||
| 020 | _a9780545146043 | ||
| 050 | _bB495 2010 | ||
| 100 | _aBergen, Lara | ||
| 245 | _aSophie the awesome / | ||
| 245 | _cLara Bergen ; illustrated by | ||
| 260 | _aNew York : | ||
| 260 | _bScholastic, | ||
| 260 | _c2010 | ||
| 300 | _a99 pages : | ||
| 300 | _bcolored illustration ; | ||
| 300 | _c20cm. | ||
| 500 | _a410 | ||
| 999 |
_c341495 _d341495 |
||